Brooklyn Nets All-Time Scoring Leaders - Statistics

General Stats
  • This quiz has been taken 77 times
    74 since last reset
  • The average score is 8 of 20
Answer Stats
Points Player % Correct
10444 Brook Lopez
94%
7373 Jason Kidd
89%
7104 Julius Erving
89%
10440 Buck Williams
75%
4609 Deron Williams
72%
8834 Vince Carter
72%
8507 Richard Jefferson
52%
6930 Derrick Coleman
45%
7096 Kerry Kittles
38%
5700 Keith Van Horn
34%
5595 Albert King
23%
4932 Kendall Gill
19%
7202 John Williamson
17%
4655 Kenny Anderson
17%
6230 Bill Melchionni
14%
5968 Otis Birdsong
11%
6297 Billy Paultz
9%
6762 Chris Morris
9%
4699 Darwin Cook
3%
6415 Mike Gmisnki
0%
No matching quizzes found
Score Distribution
Percent of People with Each Score
Percentile by Number Answered
Your Score History
You have not taken this quiz since the last reset